[Event "GER-ch Seniors 65 31st"]
[Site "Radebeul"]
[Date "2019.04.30"]
[Round "5"]
[White "Narr, Irmgard"]
[Black "Deak Willimsky, Emanuela"]
[Result "1-0"]
[WhiteElo "1708"]
[BlackElo "1506"]
[PlyCount "172"]
[EventDate "2019.04.26"]
[EventType "swiss"]
[EventRounds "9"]
[EventCountry "GER"]
[SourceTitle "CBM 190 Extra"]
[Source "ChessBase"]
[SourceDate "2019.07.15"]
[SourceVersion "1"]
[SourceVersionDate "2019.07.15"]
[SourceQuality "1"]

1. e4 c5 2. Nf3 Nc6 3. Bc4 e6 4. Nc3 g6 5. d4 cxd4 6. Nxd4 Bg7 7. Nxc6 bxc6 8. Ne2 Bb7 9. Ng3 Ne7 10. 0-0 0-0 11. Rb1 d5 12. exd5 cxd5 13. Be2 Qc7 14. c3 Rfd8 15. Be3 Qc6 16. Bf3 e5 17. Qc1 f5 18. Bh6 f4 19. Bxg7 Kxg7 20. Ne2 Qf6 21. g3 Rf8 22. c4 e4 23. Bh1 f3 24. Nf4 Rac8 25. c5 Kg8 26. b4 h6 27. Qb2 Qf7 28. Qe5 Qf6 29. Qe6+ Qxe6 30. Nxe6 Rf6 31. Nd4 Nc6 32. Nb5 Ba6 33. a4 Rb8 34. Rfd1 Bxb5 35. axb5 Rxb5 36. Rxd5 Rxb4 37. Rxb4 Nxb4 38. Rd8+ Kg7 39. Rd7+ Rf7 40. Rd4 a5 41. Rxe4 Rf5 42. Rc4 Rf6 43. h4 h5 44. Rc3 Nd5 45. Ra3 Nc7 46. Bxf3 Ra6 47. Be2 Ra7 48. Bc4 Kf6 49. f4 a4 50. Kf2 Ra5 51. c6 Rc5 52. Rxa4 Rxc6 53. Bd3 Rc5 54. Rd4 Rc3 55. Rd6+ Kg7 56. Rxg6+ Kf7 57. Rd6 Ke7 58. Rd4 Ne6 59. Rd5 Ng7 60. Bg6 Ke6 61. Re5+ Kf6 62. Bxh5 Nf5 63. Bf3 Nd4 64. Bh5 Nf5 65. Bf3 Nd4 66. Be4 Ne6 67. h5 Nc5 68. Bg6 Rc4 69. Kf3 Rc3+ 70. Re3 Rc1 71. Kg4 Rc4 72. Bb1 Rd4 73. Re5 Nd3 74. Bxd3 Rxd3 75. Rf5+ Kg7 76. Rg5+ Kh7 77. Rg6 Kh8 78. f5 Rd4+ 79. Kg5 Kh7 80. Re6 Rd3 81. g4 Rd4 82. Re7+ Kg8 83. h6 Kh8 84. f6 Rc4 85. f7 Rc5+ 86. Kh4 Rc4 1-0

[Event "GER-ch Seniors 65 31st"]
[Site "Radebeul"]
[Date "2019.04.27"]
[Round "2"]
[White "Schulz, Michael"]
[Black "Deak Willimsky, Emanuela"]
[Result "1-0"]
[WhiteElo "2183"]
[BlackElo "1506"]
[PlyCount "73"]
[EventDate "2019.04.26"]
[EventType "swiss"]
[EventRounds "9"]
[EventCountry "GER"]
[SourceTitle "CBM 190 Extra"]
[Source "ChessBase"]
[SourceDate "2019.07.15"]
[SourceVersion "1"]
[SourceVersionDate "2019.07.15"]
[SourceQuality "1"]

1. d4 g6 2. e4 d6 3. Nc3 a6 4. h4 h6 5. h5 g5 6. f4 g4 7. Be2 f5 8. Bd3 e6 9. Nge2 Bg7 10. Be3 Ne7 11. Bf2 0-0 12. Bh4 Qe8 13. Bxe7 Qxe7 14. exf5 exf5 15. Nd5 Qd8 16. c3 c6 17. Ne3 d5 18. Qc2 Qf6 19. Ng3 Qd6 20. 0-0 b6 21. Nexf5 Bxf5 22. Nxf5 Qf6 23. Rae1 Nd7 24. Ne7+ Kh8 25. Ng6+ Kg8 26. Nxf8 Nxf8 27. g3 c5 28. dxc5 bxc5 29. Kh2 Qf7 30. Bg6 Nxg6 31. hxg6 Qf6 32. Rf2 h5 33. Re5 h4 34. Rxd5 Bf8 35. Qf5 hxg3+ 36. Kxg3 Kg7 37. Qh5 1-0

[Event "GER-ch Seniors 65 31st"]
[Site "Radebeul"]
[Date "2019.04.26"]
[Round "1"]
[White "Deak Willimsky, Emanuela"]
[Black "Fleuch, Hans Juergen"]
[Result "1/2-1/2"]
[WhiteElo "1506"]
[BlackElo "1956"]
[PlyCount "109"]
[EventDate "2019.04.26"]
[EventType "swiss"]
[EventRounds "9"]
[EventCountry "GER"]
[SourceTitle "CBM 190 Extra"]
[Source "ChessBase"]
[SourceDate "2019.07.15"]
[SourceVersion "1"]
[SourceVersionDate "2019.07.15"]
[SourceQuality "1"]

1. c4 g6 2. Nc3 Bg7 3. d3 c6 4. Bd2 Nf6 5. h3 0-0 6. g4 e5 7. Bg2 Na6 8. e4 Nc5 9. Be3 d6 10. Nge2 b6 11. Ng3 Bb7 12. Qe2 Ne6 13. 0-0 Nf4 14. Bxf4 exf4 15. Nh1 Nd7 16. f3 Nc5 17. Rad1 Bd4+ 18. Nf2 Ne6 19. Kh1 Qh4 20. Nb1 Kg7 21. b3 a5 22. Na3 Qf6 23. Nc2 Bc3 24. d4 Nxd4 25. Nxd4 Bxd4 26. Qd2 Bc5 27. Nd3 Be3 28. Qb2 Bd4 29. Qd2 Be3 30. Qb2 g5 31. Qxf6+ Kxf6 32. Rfe1 h5 33. Re2 hxg4 34. fxg4 Rfd8 35. Rf1 Ke7 36. Ne1 f6 37. Bf3 a4 38. b4 d5 39. exd5 cxd5 40. Nc2 Rab8 41. Nxe3 fxe3 42. Rxe3+ Kf7 43. Rfe1 Rd7 44. Rd3 Rbd8 45. Red1 d4 46. Bxb7 Rxb7 47. Rxd4 Rxd4 48. Rxd4 Ke6 49. Re4+ Kd6 50. a3 Rf7 51. Rd4+ Kc6 52. Rd5 Re7 53. Rf5 Re3 54. Rxf6+ Kc7 55. Rf7+ 1/2-1/2

[Event "Schleswig Holstein-ch Seniors op 11th"]
[Site "Buesum"]
[Date "2017.09.14"]
[Round "7"]
[White "Lambrecht, Harald"]
[Black "Deak Willimsky, Emanuela"]
[Result "1-0"]
[WhiteElo "1414"]
[BlackElo "1502"]
[PlyCount "93"]
[EventDate "2017.09.08"]
[EventType "swiss"]
[EventRounds "9"]
[EventCountry "GER"]
[SourceTitle "EXT 2019"]
[Source "ChessBase"]
[SourceDate "2018.10.10"]
[SourceVersion "1"]
[SourceVersionDate "2018.10.10"]
[SourceQuality "1"]

1. d4 Nf6 2. c4 d6 3. Nc3 c6 4. e4 d5 5. cxd5 cxd5 6. exd5 Nxd5 7. Qb3 e6 8. Bc4 Bb4 9. Nge2 0-0 10. 0-0 Nxc3 11. bxc3 Bd6 12. Ba3 Nc6 13. Qb2 Qc7 14. Bxd6 Qxd6 15. Rfd1 Qc7 16. Bd3 Ne7 17. c4 b6 18. Rac1 Bb7 19. Qc2 g6 20. Be4 Rac8 21. Bxb7 Qxb7 22. Qd2 Rfd8 23. Qg5 Rd7 24. h4 Kg7 25. Nf4 Nf5 26. Nh5+ Kf8 27. Nf6 Rxd4 28. Rxd4 Nxd4 29. Qe3 Nf5 30. Qa3+ Rc5 31. Rd1 Kg7 32. Qc3 e5 33. Nd5 f6 34. Qf3 Rxc4 35. g4 Rd4 36. gxf5 Rxd5 37. Qxd5 Qxd5 38. Rxd5 gxf5 39. Rd7+ Kg6 40. Rxa7 Kh5 41. Rxh7+ Kg4 42. Kg2 f4 43. f3+ Kf5 44. Rb7 e4 45. fxe4+ Kxe4 46. Kf2 f3 47. h5 1-0

[Event "Schleswig Holstein-ch Seniors op 11th"]
[Site "Buesum"]
[Date "2017.09.12"]
[Round "5"]
[White "Deak Willimsky, Emanuela"]
[Black "Graffenberger, Marianne"]
[Result "1/2-1/2"]
[WhiteElo "1502"]
[BlackElo "1382"]
[PlyCount "64"]
[EventDate "2017.09.08"]
[EventType "swiss"]
[EventRounds "9"]
[EventCountry "GER"]
[SourceTitle "EXT 2019"]
[Source "ChessBase"]
[SourceDate "2018.10.10"]
[SourceVersion "1"]
[SourceVersionDate "2018.10.10"]
[SourceQuality "1"]

1. c4 c5 2. Nc3 Nc6 3. Nf3 d6 4. g3 Nf6 5. Bg2 e6 6. d4 cxd4 7. Nxd4 Nxd4 8. Qxd4 Be7 9. 0-0 0-0 10. a3 e5 11. Qd3 Rb8 12. Be3 b6 13. b4 Bb7 14. Nd5 Nxd5 15. cxd5 Bf6 16. Be4 g6 17. Bh6 Bg7 18. Be3 Bc8 19. Rac1 Bh3 20. Rfd1 f5 21. Bg2 Bxg2 22. Kxg2 e4 23. Qd2 Qd7 24. Bf4 Rbc8 25. Rc6 Rxc6 26. dxc6 Qxc6 27. Qxd6 Qxd6 28. Rxd6 Rf7 29. Rd8+ Rf8 30. Rd7 Rf7 31. Rd8+ Rf8 32. Rd7 Rf7 1/2-1/2

[Event "Schleswig Holstein-ch Seniors op 11th"]
[Site "Buesum"]
[Date "2017.09.11"]
[Round "4"]
[White "Decho, Wilhelm"]
[Black "Deak Willimsky, Emanuela"]
[Result "1-0"]
[WhiteElo "1750"]
[BlackElo "1502"]
[PlyCount "97"]
[EventDate "2017.09.08"]
[EventType "swiss"]
[EventRounds "9"]
[EventCountry "GER"]
[SourceTitle "EXT 2019"]
[Source "ChessBase"]
[SourceDate "2018.10.10"]
[SourceVersion "1"]
[SourceVersionDate "2018.10.10"]
[SourceQuality "1"]

1. d4 Nf6 2. c4 d6 3. Nc3 e5 4. dxe5 dxe5 5. Qxd8+ Kxd8 6. Nf3 Nbd7 7. Bg5 h6 8. Bxf6+ gxf6 9. a3 c6 10. g3 Kc7 11. Bg2 Nb6 12. b3 Be6 13. 0-0 h5 14. h4 a6 15. Kh2 Nd7 16. Bh3 Bh6 17. Bxe6 fxe6 18. b4 f5 19. e3 f4 20. gxf4 exf4 21. e4 Bg7 22. Rac1 Rhg8 23. Rc2 e5 24. Rg1 Rae8 25. Ng5 Nf6 26. f3 Kb8 27. Rcg2 Re7 28. Ne6 Ne8 29. Nxg7 Rgxg7 30. Rd1 Kc7 31. Kh3 Rxg2 32. Kxg2 Rg7+ 33. Kf2 Nd6 34. c5 Nc4 35. Nb1 Ne3 36. Rg1 Rd7 37. Rg5 Rd1 38. Nc3 Rc1 39. Ne2 Rc2 40. Rxh5 Ra2 41. Rxe5 Rxa3 42. Nxf4 Nd1+ 43. Kg3 Rb3 44. h5 Ne3 45. h6 Nc4 46. Re7+ Kb8 47. h7 Ka7 48. h8Q Nd2 49. Qh5 1-0

[Event "Wuertemberg-ch Seniors 27th"]
[Site "Freudenstadt"]
[Date "2015.07.04"]
[Round "2"]
[White "Meyer, Thomas"]
[Black "Deak Willimsky, Emanuela"]
[Result "1-0"]
[WhiteElo "1816"]
[BlackElo "1485"]
[PlyCount "93"]
[EventDate "2015.07.03"]
[EventType "swiss"]
[EventRounds "9"]
[EventCountry "GER"]
[SourceTitle "EXT 2016"]
[Source "ChessBase"]
[SourceDate "2015.10.08"]
[SourceVersion "1"]
[SourceVersionDate "2015.10.08"]
[SourceQuality "1"]

1. d4 Nf6 2. c4 d6 3. Nc3 g6 4. e4 Bg7 5. f3 0-0 6. Be3 b6 7. Bd3 Bb7 8. Nge2 Nbd7 9. Qd2 c5 10. Bh6 a6 11. Bxg7 Kxg7 12. 0-0 h5 13. f4 Rh8 14. f5 Rh6 15. Rf3 Qh8 16. Rg3 cxd4 17. Nxd4 Ne5 18. fxg6 Rxg6 19. Nf5+ Kf8 20. Rxg6 fxg6 21. Nd4 Kf7 22. Rf1 Qg7 23. Nd5 Bxd5 24. exd5 Nxd3 25. Qxd3 Kg8 26. b3 Ng4 27. Ne6 Ne5 28. Qe3 Qh8 29. Qxb6 Qh6 30. Qb7 Qe3+ 31. Kh1 Ra7 32. Qb8+ Kh7 33. Qf8 Qh6 34. Qxh6+ Kxh6 35. Rf8 g5 36. h3 Ng6 37. Rf5 Ra8 38. Rxg5 Ne5 39. h4 Ng4 40. Nf4 Rf8 41. Rxh5+ Kg7 42. Rg5+ Kf6 43. Rxg4 Kf5 44. Rg7 Kxf4 45. Kh2 Rh8 46. Kh3 Rh5 47. Rxe7 1-0

[Event "GER-ch Seniors 22nd"]
[Site "Berlin"]
[Date "2010.08.22"]
[Round "7"]
[White "Wiebke, Elfriede"]
[Black "Deak Willimsky, Emanuela"]
[Result "0-1"]
[WhiteElo "1050"]
[BlackElo "1280"]
[PlyCount "162"]
[EventDate "2010.08.16"]
[EventType "swiss"]
[EventRounds "9"]
[EventCountry "GER"]
[SourceTitle "CBM 138 Extra"]
[Source "ChessBase"]
[SourceDate "2010.10.29"]
[SourceVersion "1"]
[SourceVersionDate "2010.10.29"]
[SourceQuality "1"]

1. e4 c5 2. Nf3 Nc6 3. c3 g6 4. Bc4 e6 5. 0-0 Bg7 6. d3 Nge7 7. Bg5 0-0 8. h3 d5 9. exd5 exd5 10. Bb3 Qc7 11. Bxe7 Qxe7 12. Bxd5 Rd8 13. Re1 Qf6 14. Bxc6 bxc6 15. Re3 Bf5 16. d4 cxd4 17. cxd4 c5 18. Nbd2 cxd4 19. Rb3 Rac8 20. Rb7 Bc2 21. Qe2 Re8 22. Qb5 d3 23. Re1 Re2 24. Rxe2 dxe2 25. Qxe2 Bf5 26. Ne4 Bxe4 27. Qxe4 Qd6 28. g4 Rc1+ 29. Kg2 Qc5 30. Qe8+ Qf8 31. Qxf8+ Bxf8 32. Rxa7 Bc5 33. Ra8+ Kg7 34. a4 Rc2 35. Ng5 Rxf2+ 36. Kg3 Rxb2 37. Ra5 Bf2+ 38. Kf3 Bb6 39. Rb5 Rf2+ 40. Ke4 Re2+ 41. Kd5 Be3 42. Ne4 Bg1 43. Nd6 Rd2+ 44. Kc6 Re2 45. Rb7 Rc2+ 46. Kd5 Rd2+ 47. Kc6 Rf2 48. Ne8+ Kf8 49. Nd6 Bh2 50. Ne4 Rc2+ 51. Kb5 Rb2+ 52. Ka6 Rxb7 53. Kxb7 Bg1 54. Kc6 Kg7 55. Kd5 f5 56. gxf5 gxf5 57. Ng5 Kg6 58. Nf3 Bf2 59. Ne5+ Kg5 60. a5 h5 61. Nf3+ Kf4 62. Ne5 Kg3 63. Nd3 Ba7 64. Ke5 Kxh3 65. Kxf5 Kg3 66. a6 h4 67. Nf4 Kf3 68. Nh3 Kg3 69. Nf4 Kf3 70. Ng6 h3 71. Nh4+ Kg3 72. Kg5 h2 73. Nf5+ Kh3 74. Kf4 h1Q 75. Ng3 Qc1+ 76. Kf3 Qc6+ 77. Ne4 Qxa6 78. Nf2+ Kh4 79. Ne4 Qd3+ 80. Kf4 Bb8+ 81. Kf5 Qf3+ 0-1

[Event "GER-ch Seniors 22nd"]
[Site "Berlin"]
[Date "2010.08.19"]
[Round "4"]
[White "Siegmeyer, Ingo"]
[Black "Deak Willimsky, Emanuela"]
[Result "0-1"]
[WhiteElo "1454"]
[BlackElo "1280"]
[PlyCount "48"]
[EventDate "2010.08.16"]
[EventType "swiss"]
[EventRounds "9"]
[EventCountry "GER"]
[SourceTitle "CBM 138 Extra"]
[Source "ChessBase"]
[SourceDate "2010.10.29"]
[SourceVersion "1"]
[SourceVersionDate "2010.10.29"]
[SourceQuality "1"]

1. c4 c5 2. Nc3 Nc6 3. g3 g6 4. Bg2 Bg7 5. Nf3 Nf6 6. 0-0 0-0 7. d4 cxd4 8. Nxd4 d6 9. Nxc6 bxc6 10. Bxc6 Rb8 11. Bg2 Ba6 12. b3 Qa5 13. Qc2 Ng4 14. Bd2 Qh5 15. h3 Nxf2 16. Rxf2 Bd4 17. e3 Be5 18. g4 Qh4 19. Rf3 Bb7 20. Raf1 Bxf3 21. Rxf3 e6 22. Be1 Qxe1+ 23. Rf1 Qxe3+ 24. Kh1 Qg3 0-1

[Event "Baden-ch Seniors"]
[Site "Haslach im Kinzigtal"]
[Date "2010.06.05"]
[Round "9"]
[White "Maksic, Radomir"]
[Black "Deak Willimsky, Emanuela"]
[Result "1-0"]
[WhiteElo "1955"]
[BlackElo "1495"]
[PlyCount "71"]
[EventDate "2010.05.29"]
[EventType "swiss"]
[EventRounds "9"]
[EventCountry "GER"]
[SourceTitle "EXT 2011"]
[Source "ChessBase"]
[SourceDate "2010.11.26"]
[SourceVersion "1"]
[SourceVersionDate "2010.11.26"]
[SourceQuality "1"]

1. e4 c5 2. Bc4 e6 3. a3 d5 4. exd5 exd5 5. Ba2 c4 6. d3 b5 7. Nf3 Nf6 8. dxc4 bxc4 9. 0-0 Be7 10. b3 Qc7 11. Bb2 0-0 12. Nc3 Bb7 13. b4 a6 14. Re1 Bd6 15. Ne2 Ng4 16. h3 Bh2+ 17. Kf1 Nxf2 18. Kxf2 Re8 19. Qd4 f6 20. Nxh2 Qxh2 21. Ng3 Nd7 22. Rh1 Re2+ 23. Nxe2 Qc7 24. Nf4 Nb6 25. Rhe1 Qd6 26. Re6 Qd7 27. Qxb6 Rc8 28. Rae1 c3 29. Bxc3 Rxc3 30. Re8+ Kf7 31. R1e7+ Qxe7 32. Rxe7+ Kxe7 33. Qxb7+ Kd6 34. Qxd5+ Kc7 35. Ne6+ Kb6 36. Qd4+ 1-0